Meilleur attaque 2g - Statistiques

Statistiques générales
  • Ce quiz a été pris 16 fois
  • Le résultat moyen est 14 sur 17
Statistiques - réponses
Hint Réponse % Correct
105 aligatueur
100%
100 celebi
100%
130 cizayox
100%
130 ho-oh
100%
150 mega cizayox
100%
164 mega tyranocif
100%
134 tyranocif
100%
115 entei
88%
185 mega scarhino
88%
125 scarhino
88%
130 ursaring
88%
100 cochignon
75%
120 donphan
75%
120 granbull
75%
100 simularbre
63%
125 mega steelix
50%
105 octillery
38%
Aucun quiz correspondant
Distribution des résultats
% des personnes avec chaque résultat
Percentile par nombre de réponses
Votre historique - résultats
Vous n’avez pas pris ce quiz